000 00303nam a2200109Ia 4500
008 171211s9999 xx 000 0 und d
245 _aLearn Java for Web Development
245 _cVishal Layka
260 _c2014
650 _xWeb Development
856 _uhttp://down.ebook777.com/010/978-1430259831.pdf
999 _c350097
_d350097